[Event "Schacholympiade 2012"]
[Site "Istanbul"]
[Date "2012.09.07"]
[Round "10"]
[White "Arribas Robaina, Maritza"]
[Black "Heinatz, Gundula"]
[Result "1-0"]
[WhiteElo "2296"]
[BlackElo "2197"]
[PlyCount "69"]
[EventDate "2012.08.27"]

1. e4 c5 2. Nf3 Nc6 3. Bb5 g6 4. O-O Bg7 5. d3 e5 6. Be3 d6 7. c3 Nge7 8. Na3
O-O 9. h3 a6 10. Bxc6 Nxc6 11. Qd2 Qe7 12. Nc4 b5 13. Nb6 Rb8 14. Nd5 Qd8 15.
d4 cxd4 16. cxd4 exd4 17. Nxd4 Ne5 18. b3 Bb7 19. Rac1 Bxd5 20. exd5 Rc8 21.
Rxc8 Qxc8 22. Rc1 Qb7 23. Nc6 Re8 24. Bd4 Nd7 25. Bxg7 Kxg7 26. Qd4+ Nf6 27.
Rd1 Re4 28. Qb2 Qd7 29. f3 Re3 30. Kf2 Qe8 31. Qd2 Re5 32. Nxe5 Qxe5 33. Qd4
Qg5 34. h4 Qf5 35. g4 1-0

[Event "Schacholympiade 2012"]
[Site "Istanbul"]
[Date "2012.09.09"]
[Round "11"]
[White "Kazhgaleyev, Murtas"]
[Black "Pelletier, Yannick"]
[Result "0-1"]
[WhiteElo "2594"]
[BlackElo "2595"]
[PlyCount "76"]
[EventDate "2012.08.27"]

1. Nf3 Nf6 2. g3 d5 3. Bg2 Bf5 4. d3 e6 5. Nh4 Bg4 6. h3 Bh5 7. g4 Nfd7 8. Nf3
Bg6 9. Nc3 Nc6 10. e4 dxe4 11. Nxe4 Bxe4 12. dxe4 Bd6 13. Qe2 O-O 14. Bd2 Qe7
15. h4 e5 16. h5 Nc5 17. Nh4 Nd4 18. Qd1 g6 19. b4 Nd7 20. c3 Ne6 21. Qb3 Rfd8
22. hxg6 hxg6 23. O-O-O Qf6 24. Nf5 Bf8 25. Kb1 Nf4 26. g5 Qxg5 27. Bf3 Qf6 28.
Rdg1 Nc5 29. Qc2 Nce6 30. Ne3 Bg7 31. Nd5 Nxd5 32. exd5 Nd4 33. cxd4 Qxf3 34.
dxe5 Bxe5 35. Bh6 Rd6 36. Be3 Rxd5 37. Rh6 Bg7 38. Rh4 Qf6 0-1

[Event "Schacholympiade 2012"]
[Site "Istanbul"]
[Date "2012.09.09"]
[Round "11"]
[White "Kostenko, Petr"]
[Black "Kurmann, Oliver"]
[Result "1-0"]
[WhiteElo "2494"]
[BlackElo "2469"]
[PlyCount "67"]
[EventDate "2012.08.27"]

1. c4 e5 2. g3 Nc6 3. Bg2 Bc5 4. Nc3 a6 5. e3 d6 6. Nge2 Ba7 7. b3 Nge7 8. Bb2
O-O 9. O-O Rb8 10. Rc1 Bf5 11. d3 Qd7 12. Nd5 Rbe8 13. Qd2 Nd8 14. d4 f6 15.
Rfd1 Nxd5 16. cxd5 Nf7 17. h4 Re7 18. Kh2 g5 19. e4 Bg6 20. f3 h6 21. Bh3 f5
22. dxe5 Nxe5 23. Bxe5 Rxe5 24. hxg5 Qe7 25. gxh6 fxe4 26. Nf4 Rxf4 27. Qxf4
exf3 28. Be6+ Kh7 29. Qxf3 Re3 30. Qg2 Be4 31. Qf2 Bf3 32. Re1 Re2 33. Rxe2
Bxf2 34. Bf5+ 1-0

[Event "Schacholympiade 2012"]
[Site "Istanbul"]
[Date "2012.09.09"]
[Round "11"]
[White "Forster, Richard"]
[Black "Kuderinov, Kirill"]
[Result "1/2-1/2"]
[WhiteElo "2459"]
[BlackElo "2484"]
[PlyCount "68"]
[EventDate "2012.08.27"]

1. Nf3 c5 2. g3 Nf6 3. c4 e6 4. Bg2 d5 5. O-O Nc6 6. d4 dxc4 7. Na3 cxd4 8.
Nxc4 Be7 9. Qb3 Nd7 10. Rd1 Nc5 11. Qc2 O-O 12. Bf4 f6 13. b4 Nxb4 14. Qb2 Na4
15. Qb3 Nc3 16. Nxd4 Nxd1 17. Rxd1 Qe8 18. Nd6 Bxd6 19. Bxd6 a5 20. a3 Bd7 21.
axb4 Ba4 22. Qd3 Bxd1 23. Nxe6 Rf7 24. Bd5 Bxe2 25. Qxe2 Rd8 26. Nxd8 Qxe2 27.
Bxf7+ Kh8 28. Be6 g6 29. bxa5 Kg7 30. Bc7 Qe1+ 31. Kg2 Qe4+ 32. Kg1 Qe1+ 33.
Kg2 Qe4+ 34. Kg1 Qe1+ 1/2-1/2